Statistics for Pedro Pascal Filmography

Click here to take the quiz!

General Stats

  • This quiz has been taken 233 times
    (33 since last reset)
  • The average score is 23 of 82

Answer Stats

TypeYearName% Correct
TV Show2023-PresentThe Last of Us
100%
Web Series2019-PresentThe Mandalorian
100%
TV Show2014Game of Thrones
94%
Web Series2015-2017Narcos
89%
TV Pilot2011Wonder Woman
67%
Film2024Gladiator 2
56%
Film2017Kingsman: The Golden Circle
56%
Film2022The Unbearable Weight of Massive Talent
56%
Film2020Wonder Woman 1984
56%
TV Show1999Buffy the Vampire Slayer
44%
TV Show2023Saturday Night Live
44%
Web Series2022The Book of Boba Fett
44%
Film2018The Equalizer 2
44%
Film2016The Great Wall
44%
Theater2005, 2007Hamlet
39%
Theater2006Macbeth
39%
Theater2014Much Ado About Nothing
39%
Theater2019King Lear
33%
TV Show2008Law & Order
33%
Short Film2023Strange Way of Life
33%
Film2022The Bubble
33%
TV Show2009-2011The Good Wife
33%
Film2019Triple Frontier
33%
TV Show2012Body of Proof
28%
TV Show2012CSI: Crime Scene Investigation
28%
Film2018If Beale Street Could Talk
28%
TV Show2001NYPD Blue
28%
Film2011The Adjustment Bureau
28%
FilmTBATropico
28%
Film2020We Can Be Heroes
28%
TV Film2011Burn Notice: The Fall of Sam Axe
22%
Web Series2021Calls
22%
Commercial2021Casillero del Diablo
22%
Film2024Drive-Away Dolls
22%
Music Video2015Fire Meet Gasoline
22%
Film2024Freaky Tales
22%
TV Show2013Homeland
22%
TV Show2006, 2009Law & Order: Criminal Intent
22%
TV Show2011Law & Order: Special Victims Unit
22%
TV Show2014The Mentalist
22%
TV Pilot2013The Sixth Gun
22%
FilmTBAThe Uninvited
22%
Documentary Series2021Animal
17%
Theater2006Based on a Totally True Story
17%
Theater2005-2006Beauty of the Father
17%
Film2015Bloodsucking Bastards
17%
TV Show2011Brothers & Sisters
17%
Short Film1996Burning Bridges
17%
Video Game2016Dishonored 2
17%
TV Show1999Downtown
17%
TV Film2001Earth vs. the Spider
17%
TV Show2013-2014Graceland
17%
Film2005Hermanas
17%
Web Mini-Series2020Home Movie: The Princess Bride
17%
TV Show2023HouseBroken
17%
Film2008I Am That Girl
17%
Theater2010, 2011Maple and Vine
17%
TV ShowTBAMy Dentist's Murder Trial
17%
TV Show2013Nikita
17%
TV Show2010Nurse Jackie
17%
Documentary Series2022Patagonia
17%
Film2018Prospect
17%
TV Show2013Red Widow
17%
Theater2008Sand
17%
Theater2007Some Men
17%
Film2011Sweet Little Lies
17%
TV Show1999Undressed
17%
Short Film1997Window Shopping
17%
TV Show2006Without a Trace
17%
TV Show2011Charlie's Angels
11%
TV Pilot2014Exposed
11%
TV Show1999G vs E
11%
Short Film2022House Comes with a Bird
11%
TV Show2011Lights Out
11%
Theater2005Lorenzaccio
11%
Podcast2019Motherhacker
11%
Theater2008Old Comedy After Aristophane's Frogs
11%
Film2015Sweets
11%
TV Show2000Touched by an Angel
11%
FilmTBAWeapons
11%
TV Short2018Asesinato en el Hormiguero Express
6%
Theater2009The Miracle at Naples
6%

Score Distribution

Percentile by Number Answered

Percent of People with Each Score

Your Score History

You have not taken this quiz since the last reset